000 00550nam a2200205Ia 4500
005 20250508163158.0
008 008 250505s9999 xx 000 0 hin d
020 _a0-86311-383-4
037 _aTextual
040 _aFEDL
_beng
_cFEDL
041 _ahin
_2eng
084 _a954, GOY
_qFEDL
100 _aGoyal Dwarika Das
_9774865
245 0 _aBhartiya samaj
260 _aGwalior, India
_bKailash Pustak Sadan
_c1976
300 _a360p.
700 _a Sharma R D
_9774866
942 _cTEXL
_h954, GOY
999 _c1381334
_d1381334